|
|
|
|
| LEADER |
00000nam2a2200000 4500 |
| 001 |
274997 |
| 005 |
20231101234801.0 |
| 035 |
|
|
|a (RuTPU)RU\TPU\book\298226
|
| 090 |
|
|
|a 274997
|
| 100 |
|
|
|a 20141111d1984 k y0rusy50 ca
|
| 101 |
0 |
|
|a rus
|
| 102 |
|
|
|a RU
|
| 105 |
|
|
|a a c 000zy
|
| 200 |
0 |
|
|a Вып. 15
|
| 210 |
|
|
|d 1984
|
| 215 |
|
|
|a 487 с.
|c ил.
|
| 461 |
|
1 |
|0 (RuTPU)RU\TPU\book\287816
|t Указатель литературных данных по спектроскопии ядерного магнитного резонанса ЯМР0 IH
|f Академия наук СССР (АН СССР), Сибирское отделение (СО), Новосибирский институт органической химии ; сост. Г. Д. Слынько, Т. В. Соколова, Л. М. Плетнева ; под ред. В. А. Коптюга
|v Вып. 15
|d 1984
|
| 606 |
1 |
|
|a Ядерный магнитный резонанс (ЯМР)
|x (химия)
|2 stltpush
|3 (RuTPU)RU\TPU\subj\73726
|9 86559
|
| 606 |
1 |
|
|a Библиографические пособия
|x По химии
|2 stltpush
|3 (RuTPU)RU\TPU\subj\28562
|9 52080
|
| 610 |
1 |
|
|a литературные данные
|
| 610 |
1 |
|
|a спектроскопия
|
| 610 |
1 |
|
|a магнитный резонанс
|
| 610 |
1 |
|
|a указатели
|
| 610 |
1 |
|
|a химические соединения
|
| 610 |
1 |
|
|a химические сдвиги
|
| 610 |
1 |
|
|a химическая литература
|
| 610 |
1 |
|
|a периодические издания
|
| 675 |
|
|
|a 543.429.2
|v 4
|
| 686 |
|
|
|a Я19:54
|v LBC/SL-A
|2 rubbk
|
| 801 |
|
1 |
|a RU
|b 63413507
|c 20141111
|
| 801 |
|
2 |
|a RU
|b 63413507
|c 20170328
|g RCR
|
| 942 |
|
|
|c BK
|